Účinná a efektivní ochrana spotřebitele stále chybí

Hodnotenie úrovne ochrany spotrebiteľa na finnančnom trhu v Českej republike. Šesť princípov dobre fungujúceho systému ochrany spotrebiteľa. Výsledky hodnotenia, ktorí zverejnila Svetová banka.

Na minha lista:
Detalhes bibliográficos
Autor principal: Prouza, Tomáš
Formato: Capítulo de Livro
Idioma:tcheco
Assuntos:
Tags: Adicionar Tag
Sem tags, seja o primeiro a adicionar uma tag!

MARC

LEADER 00000naa$a2200000$$$4500
001 0046415
005 20231010090020.2
041 0 |a cze 
044 |a CZ 
245 1 0 |a Účinná a efektivní ochrana spotřebitele stále chybí  |c Tomáš Prouza 
520 |a Hodnotenie úrovne ochrany spotrebiteľa na finnančnom trhu v Českej republike. Šesť princípov dobre fungujúceho systému ochrany spotrebiteľa. Výsledky hodnotenia, ktorí zverejnila Svetová banka. 
610 2 0 |a banky 
610 2 0 |a služby finančné 
610 2 0 |a klienti 
610 2 0 |a ochrana spotrebiteľa 
610 2 0 |a trh finančný 
610 2 0 |a kvalita 
610 2 0 |a ombudsman 
100 1 |a Prouza, Tomáš